Statistics for Largest U.S. Cities Beginning With L - 1950

Click here to take the quiz!

General Stats

  • This quiz has been taken 35 times
  • The average score is 14 of 20

Answer Stats

Pop.StateHintAnswer% Correct
98,884NebraskaState capitalLincoln
100%
102,213ArkansasState capitalLittle Rock
100%
1,970,358California"City of Angels"Los Angeles
100%
369,129KentuckyBirthplace of Muhammad AliLouisville
100%
92,129MichiganState capitalLansing
97%
55,534KentuckyHorsesLexington
93%
51,910TexasOn the US-Mexico borderLaredo
90%
71,747TexasWestern TexasLubbock
83%
50,246OhioNamed after a South American CapitalLima
79%
250,767CaliforniaLA suburbLong Beach
76%
63,774PennsylvaniaThe AmishLancaster
69%
97,249MassachusettsAlso a Boston suburbLowell
59%
99,748MassachusettsBoston suburbLynn
52%
47,535WisconsinOn the Mississippi riverLa Crosse
48%
40,974MaineAndroscoggin CountyLewiston
48%
47,727Virginia"The Hill City"Lynchburg
48%
41,272LouisianaBlues music and French cuisineLake Charles
38%
51,202OhioPort on Lake ErieLorain
38%
68,071OhioCleveland SuburbLakewood
34%
80,536MassachusettsAlso also a Boston suburbLawrence
34%

Score Distribution

Percentile by Number Answered

Percent of People with Each Score

Your Score History

You have not taken this quiz